000
00264nam a2200121Ia 4500
008
190216s9999||||xx |||||||||||||| ||und||
100
_a
Kings
245
0
_a
Portfolio Management
260
_b
King`S Books Delhi
300
_a
464
650
_a
Commerce
942
_c
BK
999
_c
7098
_d
7098